LEADER 04642nam 2200661 450 001 9910812371403321 005 20230803213453.0 010 $a0-8389-9688-4 010 $a0-8389-1207-9 010 $a0-8389-9686-8 035 $a(CKB)3710000000463617 035 $a(EBL)2150433 035 $a(SSID)ssj0001533138 035 $a(PQKBManifestationID)12505856 035 $a(PQKBTitleCode)TC0001533138 035 $a(PQKBWorkID)11484036 035 $a(PQKB)10074788 035 $a(Au-PeEL)EBL2150433 035 $a(CaPaEBR)ebr11090864 035 $a(OCoLC)929142328 035 $a(MiAaPQ)EBC2150433 035 $a(EXLCZ)993710000000463617 100 $a20150910h20142014 uy 0 101 0 $aeng 135 $aur|n|---||||| 181 $ctxt 182 $cc 183 $acr 200 00$aPlanning our future libraries $eblueprints for 2025 /$fKim Leeder & Eric Frierson, editors 210 1$aChicago, [Illinois] :$cALA Editions,$d2014. 210 4$dİ2014 215 $a1 online resource (145 p.) 300 $aDescription based upon print version of record. 320 $aIncludes bibliographical references and index. 327 $aPlanning Our Future Libraries: Blueprints for 2025; Contents; Introduction; Embracing Participation; Reimagining Spaces; Building New Infrastructure; Leading for the Future; References; Part 1: Embracing Participation; Chapter 1: Redesigning Library Services Again: Revising Buckland's Manifesto; Buckland's Assumption and Three Types of Libraries; Situating Redesigning Library Services; The Library of 2025 versus the 100-Year Library; The Participatory Library; References; Chapter 2: Radical Trust: A User-Librarian Shared Model; Visions of Radical Trust 327 $aAdvocates of Radical Trust for LibrariesScenario One: The Library 2025 without Radical Trust, or Resistance Is Futile; Scenario Two: The Library 2025 with Radical Trust, or the Athenaeum; Conclusion; References; Part 2: Reimagining Spaces; Chapter 3: Meaningful Space in a Digital Age; When Did My "Stuff" Become Content?; The Projection of Self through Our Spaces; Creating Meaningful Spaces; Narrative Design; Praxis: Library 2025; References; Chapter 4: The Faculty Commons: Reimagining the Intellectual Heart of Campus; The Evolution of Academic Library Buildings and Services 327 $aWe Are More Than Books Aren't We?Students in the Library: From Adjustment to Transformation; The Library as a Platform for Faculty Innovation; A Focus on Teaching and Research; Spaces That Are Greater Than the Sum of Their Parts; References; Chapter 5: Free-Range Librarianship: Public Librarian as Park Ranger; Building a Model of "Everywhere"; Park Rangers and the Information Ecosystem; A Free-Range Librarianship Model; Conclusion; References; Part 3: Building New Infrastructure; Chapter 6: The Constant Innovator: A New Organizational Mode of Experimentation 327 $aA Call to Action: Taking Charge of Our Professional DestinyGoogle: A Model for Managing Innovation; The Practicalities: How All This Will Work; Conclusion; References; Chapter 7: The Future of Funding: A Proposal for a National Library Card; Realign by 2025; Establishing a National Library Card; Embedding Libraries in the Tax Code; Social Impact Bonds and Libraries; A Public-Private Trust for Libraries; Reengaging First Use; References; Part 4: The Global Future; Chapter 8: International School Libraries: Current Status and Future Vision; Case Study One: Nepal; Case Study Two: Honduras 327 $aCase Study Three: BrazilThe International School Library Future; Getting to the International School Library 2025; References; Appendix: Redesigning Library Services: A Manifesto (Abridged); Introduction; Three Types of Library; Reinventing the Library; Organization and Implementation; The Challenge; Author's Note; About the Contributors; Index 330 $aThis thought-provoking collection will challenge librarians at every kind of institution to start planning today for the library of tomorrow. 606 $aLibrary planning 606 $aLibraries$xForecasting 606 $aPublic services (Libraries)$xForecasting 606 $aOrganizational change 615 0$aLibrary planning. 615 0$aLibraries$xForecasting. 615 0$aPublic services (Libraries)$xForecasting. 615 0$aOrganizational change. 676 $a022/.3 702 $aLeeder$b Kim 702 $aFrierson$b Eric 801 0$bMiAaPQ 801 1$bMiAaPQ 801 2$bMiAaPQ 906 $aBOOK 912 $a9910812371403321 996 $aPlanning our future libraries$94115731 997 $aUNINA LEADER 02833oas 2201213 a 450 001 9910132851903321 005 20260218110400.0 011 $a1857-8985 035 $a(DE-599)ZDB2505985-3 035 $a(OCoLC)774957784 035 $a(CONSER) 2012263260 035 $a(CKB)110978977742555 035 $a(DE-599)2505985-3 035 $a(EXLCZ)99110978977742555 100 $a19830920b19802013 uy 101 0 $amac 135 $aur||||||||||| 181 $ctxt$2rdacontent 182 $cc$2rdamedia 183 $acr$2rdacarrier 200 00$aPrilozi =$eContributions 210 $aSkopje $cMakedonska akademija na naukite i umetnostite, Oddelenie za biolos?ki i medicinski nauki 311 08$a0351-3254 517 1 $aContributions 517 1 $aPrilozi, Oddelenie za biolos?ki i medicinski nauki 517 1 $aContributions, Section of Biological and Medical Sciences 606 $aMedical sciences$vPeriodicals 606 $aBiology$vPeriodicals 606 $aMedicine 606 $aBiological Science Disciplines 606 $aBiology$2fast$3(OCoLC)fst00832383 606 $aMedical sciences$2fast$3(OCoLC)fst01014601 608 $aPeriodical. 608 $aPeriodicals.$2fast 608 $aPeriodicals.$2lcgft 615 0$aMedical sciences 615 0$aBiology 615 12$aMedicine. 615 22$aBiological Science Disciplines. 615 7$aBiology. 615 7$aMedical sciences. 712 02$aMakedonska akademija na naukite i umetnostite.$bOddelenie za biolos?ki i medicinski nauki. 801 0$bLGG 801 1$bLGG 801 2$bOCLCO 801 2$bNTE 801 2$bOCLCQ 801 2$bTXA 801 2$bOCLCF 801 2$bOCLCO 801 2$bAU@ 801 2$bOCLCO 801 2$bDLC 801 2$bCUS 801 2$bOCLCQ 801 2$bOCLCO 801 2$bOCLCQ 801 2$bVT2 801 2$bUAB 801 2$bLIP 801 2$bOCLCO 801 2$bXFH 801 2$bUX1 801 2$bCOO 801 2$bOCLCQ 801 2$bAUD 801 2$bI9W 801 2$bS8B 801 2$bI8H 801 2$bCTX 801 2$bXME 801 2$bXQL 801 2$bCRU 801 2$bOCLCO 801 2$bWYU 801 2$bRDF 801 2$bUKBTH 801 2$bSFB 801 2$bCNMTR 801 2$bUKSSU 801 2$bSRU 801 2$bVLY 801 2$bHS0 801 2$bSXB 801 2$bLUN 801 2$bERF 801 2$bEUN 801 2$bSDF 801 2$bQGK 801 2$bEUX 801 2$bDKU 801 2$bLND 801 2$bOCLCQ 801 2$bOCLCO 801 2$bCZL 801 2$bDST 801 2$bSGP 801 2$bCNTRU 801 2$bYWS 801 2$bOCLCQ 906 $aJOURNAL 912 $a9910132851903321 996 $aPrilozi$91320763 997 $aUNINA